000 00463nam a2200181Ia 4500
003 GCL
008 140319s9999 xx 000 0 eng d
040 _aGCL /
_cGCL
082 0 4 _a510
_bK N
100 1 _aKENWOOD, MICHAEL
245 1 0 _aMATHEMATICS /
_cKENWOOD, MICHAEL
700 1 _aMOSS, CYRIL
260 _a[S.N] :
_bLONGMAN GROUP UK LIMITED ،
_c1990
300 _a310 P
490 _aLONGMAN REVIEW GUIDES
_v0
650 0 4 _aMATHEMATICS
942 _2ddc
_cBK
999 _c21145
_d21145